000 01168nam0a22002411 4500
001 rc\735407
005 20040301141840.3
035 _a(NLR Aleph) 006265528
090 _a6894125
_c6894125
100 _a20040301d1985 u |0rusy50 ca
101 0 _arus
102 _aRU
105 _ay |||||||||
200 1 _aПроблемное обучение и его роль в активизации познавательной деятельности студентов
_eМетод. рекомендации преподавателям
_fМ-во сел. хоз-ва СССР, Перм. с.-х. ин-т им. акад. Д.Н. Прянишникова. Каф. науч. коммунизма
_g[Сост. доц. Рыбаковым Е.С.]
210 _aПермь
_cПерм. с.-х. ин-т
_d1985
215 _a12 с.
_d20
702 1 _aРыбаков
_bЕ. С.
_gЕвгений Степанович
_4220
712 0 2 _aПермский сельскохозяйственный институт им. Д. Н. Прянишникова
_3RU\NLR\AUTH\8813018
801 0 _aRU
_bNLR
_gpsbo
801 1 _aRU
_bELAR
_2rusmarc
852 _aNLR
_j87-4/20418
942 _cBOOK
980 _aNB